| 000 | 00908nam a22003137a 4500 | ||
|---|---|---|---|
| 003 | CHAP | ||
| 005 | 20220329134421.0 | ||
| 008 | 971013s1961 r 00010 d | ||
| 010 | _a20216 | ||
| 011 | _a21188 | ||
| 035 | _a25277 | ||
| 040 | _cCHAP | ||
| 082 |
_a636.213 _bD53 1961 |
||
| 100 | 0 | 0 |
_aDiggins, Ronald V. _932570 |
| 245 | _aDairy production | ||
| 250 | _a2 ed. | ||
| 260 |
_aEnglewood Cliffs, N.J. : _bPrentice-Hall, _c1961 |
||
| 300 |
_a341 p. _b: ilus. |
||
| 590 |
_aBATCH-UPD _b10 _c20130110 _lUCH01 _h0316 |
||
| 590 |
_aBATCH-UPD _b10 _c20130110 _lUCH01 _h1601 |
||
| 590 |
_aCONVERSION _b10 _c20130109 _lUCH01 _h1312 |
||
| 650 | 1 | 4 |
_aGanado lechero. _945237 |
| 650 | 1 | 4 |
_aIndustria lechera. _957819 |
| 650 | 1 | 4 |
_aLeche. _965357 |
| 700 | 0 |
_aBundy, Clarence E. _916074 |
|
| 901 | _aBK | ||
| 942 | _cLIBRO | ||
| 949 |
_a636.213 D53 1961 _bBC _cLIBRO _d33724000104741 _eLIBRO _h39711 _i25277 _mD _si |
||
| 999 |
_c20216 _d20216 |
||